000 01005nam a2200313 a 4500
001 4920000
003 NUST - PNEC
005 20170116181145.0
008 940718s1994 enka b 001 0 eng d
010 _a 94238372
020 _a0750606738
035 _a(OCoLC)30919640
040 _aUk
_cLIBRARY
_dNN
_dDLC
042 _alccopycat
050 0 0 _aHD31
_b.H4713 1994
082 0 0 _a658.002462 HEN
100 1 _aHenderson, Steven.
245 1 0 _aManagement for engineers /
_cSteven Henderson, Robert Illidge, Peter McHardy.
260 _aOxford :
_bButterworth-Heinemann,
_c1994.
300 _axii, 291 p. :
_bill. ;
_c25 cm.
504 _aIncludes bibliographical references and index.
650 0 _aIndustrial management.
_xMIS
650 0 _aEngineering
_xManagement.
700 1 _aIllidge, Robert.
700 1 _aMcHardy, Peter.
906 _a7
_bcbc
_ccopycat
_d2
_encip
_f19
_gy-gencatlg
942 _2ddc
_cBK
999 _c70654
_d70654